Top 100 Football Players of the 5 Most Recent Years (2020) - Statistics

General Stats
  • This quiz has been taken 192 times
  • The average score is 72 of 100
Answer Stats
# 2016 2017 2018 2019 2020 Points Player % Correct
1 2 1 3 1 2 9 Lionel Messi
99%
2 1 2 2 4 3 12 Cristiano Ronaldo
98%
5 5 3 11 31 9 59 Neymar
98%
6 33 5 9 15 20 82 Harry Kane
97%
4 7 7 30 7 1 52 Robert Lewandowski
97%
8 65 22 5 5 8 105 Mohamed Salah
96%
16 4 18 6 25 90 143 Antoine Griezmann
94%
3 13 4 8 12 4 41 Kevin De Bruyne
94%
12 8 4 6 7 126 Kylian Mbappé
94%
14 12 6 1 45 71 135 Luka Modrić
94%
13 69 36 19 3 5 132 Sadio Mané
94%
7 25 11 17 36 13 102 Sergio Ramos
92%
53 84 68 16 70 339 Bernardo Silva
89%
46 78 19 22 321 Heung-min Son
89%
48 52 76 74 68 54 324 Thiago Silva
89%
15 21 9 22 44 42 138 Toni Kroos
89%
9 3 15 14 26 58 116 Luis Suárez
88%
10 16 17 10 22 55 120 N'Golo Kanté
88%
30 76 23 11 43 254 Roberto Firmino
88%
24 24 2 10 238 Virgil van Dijk
88%
28 44 38 20 46 249 David Silva
86%
65 90 31 45 89 356 Dele Alli
86%
21 50 51 48 20 12 181 Karim Benzema
86%
11 11 20 15 13 65 124 Sergio Agüero
86%
33 18 40 15 275 Manuel Neuer
85%
23 17 30 16 55 219 Paul Pogba
84%
51 17 18 338 Trent Alexander-Arnold
84%
39 19 96 48 35 299 Jamie Vardy
83%
19 42 35 27 24 28 156 Jan Oblak
83%
17 8 21 55 28 36 148 Pierre-Emerick Aubameyang
83%
61 31 14 348 Thomas Müller
83%
35 43 9 26 280 Alisson
81%
28 37 41 51 19 249 Romelu Lukaku
81%
38 6 50 38 296 Gareth Bale
79%
70 38 58 83 82 362 Gerard Piqué
79%
20 37 14 26 42 39 158 Paulo Dybala
79%
41 20 60 96 25 302 Zlatan Ibrahimović
79%
68 23 34 360 Andrew Robertson
78%
27 53 28 42 61 56 240 Casemiro
78%
18 35 10 7 14 83 149 Eden Hazard
78%
55 92 65 37 46 341 Thibaut Courtois
78%
36 29 23 39 93 285 David de Gea
77%
70 53 6 362 Erling Braut Haaland
77%
56 66 56 49 70 342 Giorgio Chiellini
77%
32 55 44 21 48 269 Marc-André ter Stegen
77%
84 75 72 41 390 Marcus Rashford
77%
77 45 48 81 376 Marco Verratti
76%
22 88 62 31 8 27 216 Raheem Sterling
76%
45 39 46 50 79 315 Sergio Busquets
76%
60 15 29 347 Andrés Iniesta
75%
63 40 81 40 88 350 Hugo Lloris
75%
26 60 64 67 37 11 239 Joshua Kimmich
75%
62 26 45 76 349 Leonardo Bonucci
75%
24 47 13 21 56 238 Edinson Cavani
74%
82 61 57 91 75 385 Leroy Sané
74%
37 48 19 18 287 Marcelo
74%
84 59 40 89 390 Ederson
73%
46 43 100 39 38 321 Ángel Di María
72%
89 47 44 394 Lautaro Martínez
72%
80 95 12 73 382 Raphaël Varane
72%
49 71 73 63 24 332 Ciro Immobile
71%
95 74 33 410 Jordan Henderson
71%
40 22 16 60 300 Gianluigi Buffon
70%
51 10 49 77 338 Riyad Mahrez
70%
75 55 78 66 67 367 Keylor Navas
69%
74 98 49 17 366 Thiago Alcântara
68%
50 27 46 78 84 336 Dries Mertens
67%
88 69 21 393 Bruno Fernandes
66%
81 92 10 79 383 Frenkie de Jong
66%
57 12 28 343 Isco
65%
43 34 57 13 306 Ivan Rakitić
65%
93 44 58 405 Lorenzo Insigne
65%
54 14 34 90 340 Gonzalo Higuaín
63%
78 91 34 51 378 Fabinho
61%
66 38 16 357 Serge Gnabry
61%
31 28 24 25 100 81 258 Philippe Coutinho
59%
73 32 29 364 Jadon Sancho
58%
33 49 33 32 60 275 Mauro Icardi
58%
44 24 63 34 85 307 Diego Godín
57%
99 52 62 417 Jorginho
57%
63 56 30 62 350 Kalidou Koulibaly
57%
72 78 26 57 363 Dani Alves
56%
97 71 47 95 415 Álvaro Morata
55%
83 61 94 31 388 David Alaba
54%
86 23 67 99 391 Mesut Özil
54%
59 54 59 30 345 Timo Werner
54%
68 64 39 81 75 360 Gabriel Jesus
52%
78 89 18 69 378 Matthijs de Ligt
50%
98 93 63 58 416 Fernandinho
49%
42 25 36 41 304 Christian Eriksen
48%
100 43 73 419 Georginio Wijnaldum
48%
76 35 37 375 João Félix
48%
58 9 32 344 Alexis Sánchez
47%
94 42 62 407 Marco Asensio
46%
92 46 68 88 404 Diego Costa
45%
90 43 54 400 Edin Džeko
42%
66 70 85 51 50 357 Miralem Pjanić
42%
96 73 35 411 Samuel Umtiti
42%
91 32 66 401 Arturo Vidal
37%
87 29 60 392 Hakim Ziyech
34%
No matching quizzes found
Score Distribution
Percent of People with Each Score
Percentile by Number Answered
Your Score History
You have not taken this quiz